Eros Pellini (Record n. 77348)

Dettagli MARC
000 -LEADER
fixed length control field 01596nam a2200277Ia 4500
001 - CONTROL NUMBER
control field K0724
003 - CONTROL NUMBER IDENTIFIER
control field IT-RoPAU
008 - FIXED-LENGTH DATA ELEMENTS--GENERAL INFORMATION
fixed length control field 130308s9999 xx 000 0 und d
040 ## - CATALOGING SOURCE
Original cataloging agency IT-RoPAU
040 ## - CATALOGING SOURCE
Transcribing agency IT-RoPAU
041 ## - LANGUAGE CODE
Language code of text/sound track or separate title ITALIANO
100 ## - MAIN ENTRY--PERSONAL NAME
Personal name Fabiani Enzo
100 ## - MAIN ENTRY--PERSONAL NAME
Miscellaneous information Codice Aut. SPICS: 312
245 ## - TITLE STATEMENT
Title Eros Pellini
245 ## - TITLE STATEMENT
Remainder of title Eros Pellini
250 ## - EDITION STATEMENT
Edition statement 1a ed.
260 ## - PUBLICATION, DISTRIBUTION, ETC. (IMPRINT)
Name of publisher, distributor, etc. Orlando Consonni Editore
260 ## - PUBLICATION, DISTRIBUTION, ETC. (IMPRINT)
Date of publication, distribution, etc. 1989 [1° Ed.:1989 - Ed.Ling.Originale:1989]
300 ## - PHYSICAL DESCRIPTION
Extent "90 p. (prefazione: no ; testo: 90 [pagine: 0-0])"
500 ## - GENERAL NOTE
General note "Grande Primavera di Eros Pellini. Antologia Critica. Biografia e Bibliografia. 36 Illustrazioni in bianco e Nero: Quattro Stagioni; Adolescente Seduta; Natività di Gesu'; Resurrezione di Gesu'; Discorso della Montagna; Carabiniere con Bicicletta; Puledro; Lapidazione di S. Paolo; Innamorati; Ventaglio; Cavallo; Eletti; Giocolieri; Ballerina Sulle Punte; Ragazza con Ombrello; Adolescente; Ragazza con Chitarra; Gallo; Ballerina in Piedi; Ragazza Sul Divano; Ballerina in Riposo; Don Chisciotte; Nastrino; Ragazza che si Spoglia; Susanna; passo di Danza; Pattinatrice; Puledrino; Ragazzina; ragazze al Caffe'; Trapezisti; Annunciazione; Ballerina seduta che si Mette la Calza. 107 Illustrazioni di Catalogo in bianco e Nero "
650 ## - SUBJECT ADDED ENTRY--TOPICAL TERM
Topical term or geographic name as entry element AUTORI/OPERE DI scultura
650 ## - SUBJECT ADDED ENTRY--TOPICAL TERM
Relator term Codice materia Spics: 5257
942 ## - ADDED ENTRY ELEMENTS (KOHA)
Koha item type LIBRO
957 ## -
-- 1
999 ## - SYSTEM CONTROL NUMBERS (KOHA)
-- 1
Dati di copia
Withdrawn status Lost status Damaged status Not for loan Home library Current library Date acquired Total Checkouts Full call number Date last seen Price effective from Koha item type Public note
    Buone Condizioni Not For Loan SPICS-MEDIATECA SPICS-MEDIATECA 08/03/2013   K0724 08/03/2013 08/03/2013 LIBRO Progressivo inserimento: 25061 / N. Volumi: 1 Copie: 1 / data import: 1 marzo 2013 - By Epidotti, Trombetti, Vaglietti.
CREDITS: SOCIETA' SAN PAOLO Via A.Severo, 58 - ROMA (RM) & PERIODICI SAN PAOLO SRL Via Giotto, 36 MILANO & CISF Via Giotto, 36 MILANO & EDIZIONI SAN PAOLO SRL,  Piazza Soncino, 5 CINISELLO BALSAMO (MI) -- ITALY